Open Data Biblioteca Nacional de Portugal


República Portuguesa: Ministério da Cultura
Biblioteca Nacional de Portugal

Catálogo da BNP: acesso por Identificadores Unívocos
Registos Bibliográficos associados ao registo de autoridade

Etiqueta de registo: 00254nkm 2200109 450
001 1914727
003 http://id.bnportugal.gov.pt/bib/catbnp/1914727
100 ## $a20151110d1980 me y0pory01030103ba
101 0# $apor
102 ## $aPT
200 1# $aI Conferência Nacional da União das Mulheres Comunistas$bVisual gráfico]$ede escravas dóceis do capital a soldados conscientes da luta de classes$fUMC
210 #9 $a[Lisboa] :$cUMC,$d[19]80
215 ## $a1 cartaz$ccolor.$d78x55 cm
303 ## $aDa menção impressa do local e data do evento "Lisboa, 24 e 25 de Janeiro de 1981" foram rasurados os dias e mês, e substituídos a marcador preto por "7 e 8 [de] Março", em correspondência com o seu reagendamento
316 ## $aImpresso em papel pardo, CT. 6121 R.
317 ## $aColeção Madeira Luís$5PTBN: CT. 5620 R.
330 ## $aCartaz de fundo branco com esquadria preta, subdividido em nove quadrículas de diferentes dimensões, sete delas preenchidas com imagens a preto e branco, e as outras duas por texto com predominância de letra vermelha; a quadrícula principal inclui, o símbolo da União das Mulheres Comunistas
675 ## $a061.3(469)"1981"(084.5)$vBN$zpor$3906821
675 ## $a32-055.2(469)198(084.5)$vBN$zpor$31626148
675 ## $a323.4(469)"198"(084.5)$vBN$zpor$31626149
675 ## $a329(469)PCTP-MRPP(084.5)$vBN$zpor$31625419
675 ## $a329(469)UMC(084.5)$vBN$zpor$31626150
675 ## $a766(=1:469)"198"(084.5)$vBN$zpor$31302430
710 12 $aConferência Nacional da União das Mulheres Comunistas,$d1,$eLisboa,$f1981$31626151
712 02 $aUnião das Mulheres Comunistas$4557$31626152
712 02 $aPartido Comunista dos Trabalhadores Portugueses$4060$31487054
801 #0 $aPT$bBN$gRPC
966 ## $lBN$mICONOG$pFrancisco Madeira Luís$sCT. 5620 R.$x3
966 ## $lBN$mICONOG$sCT. 6120 R.$x3
966 ## $lBN$mICONOG$sCT. 6121 R.$x3
997 ## $aBIBEOD

Etiqueta de registo: 00254nkm 2200109 450
001 1917855
003 http://id.bnportugal.gov.pt/bib/catbnp/1917855
100 ## $a20151214d1981 me y0pory01030103ba
101 0# $apor
102 ## $aPT
200 1# $aI Conferência Nacional da União das Mulheres Comunistas...$bVisual gráfico]$ecomício de encerramento 8 de Março, 21h30, Teatro Vasco Santana$ede escravas dóceis do capital a soldados conscientes da luta de classes
210 #9 $a[Lisboa]$cUMC,$d[1981]
215 ## $a1 cartaz$ccolor.$d59x41 cm
306 ## $aData atribuída segundo provável proximidade à realização do evento assinalado, em conjugação com as características formais do documento
317 ## $aColeção Madeira Luís$5PTBN: CT. 13531 A.
317 ## $aDoação José Sousa$5PTBN: CT. 14487 A.
330 ## $aDe fundo vermelho e letra branca, amarela e preta, ilustrado com uma imagem de busto de mulher, em tons de vermelho, rosa e branco; inclui, junto ao canto inferior dto. (esq.ª do observador), o símbolo da União das Mulheres Comunistas (UMC)
517 1# $aComício de encerramento [ da ] I Conferência Nacional da União das Mulheres Comunistas
675 ## $a061.3(469)"1981"(084.5)$vBN$zpor$3906821
675 ## $a32-055.2(469)198(084.5)$vBN$zpor$31626148
675 ## $a323.4(469)"198"(084.5)$vBN$zpor$31626149
675 ## $a329(469)UMC(084.5)$vBN$zpor$31626150
675 ## $a766(=1:469)"198"(084.5)$vBN$zpor$31302430
710 12 $aConferência Nacional da União das Mulheres Comunistas,$d1,$eLisboa,$f1981$31626151
712 02 $aUnião das Mulheres Comunistas$4557$31626152
801 #0 $aPT$bBN$gRPC
966 ## $lBN$mICONOG$pFrancisco Madeira Luís$sCT. 13531 A.$x3
966 ## $lBN$mICONOG$sCT. 14487 A.$x3
997 ## $aBIBEOD

Etiqueta de registo: 00000nkm 2200025 450
001 1966640
003 http://id.bnportugal.gov.pt/bib/catbnp/1966640
100 ## $a20200914d1981 me y0pory0103 ba
101 0# $apor
102 ## $aPT
200 1# $aI Conferência Nacional da UMC$bVisual gráfico]$e a mulher trabalhadora e a saúde$ede escravas dóceis do capital a soldados conscientes da luta de classes
210 #9 $aLisboa$cUnião das Mulheres Comunista,$d1981
215 ## $a1 cartaz$ccolor.$d70,5x50 cm
317 ## $aColeção Madeira Luís$5PTBN: CT. 7815 R.
675 ## $a061.3(469.411)"1981"(084.5)$vBN$zpor$3905705
675 ## $a323.4(469)"198"(084.5)$vBN$zpor$31626149
675 ## $a329(469)UMC(084.5)$vBN$zpor$31626150
675 ## $a766(=1:469)"198"(084.5)$vBN$zpor$31302430
710 12 $aConferência Nacional da União das Mulheres Comunistas,$d1,$eLisboa,$f1981$31626151
712 02 $aUnião das Mulheres Comunistas$4557$31626152
801 #0 $aPT$bBN$gRPC
966 ## $lBN$mICONOG$sCT. 6198 R.$x3
966 ## $lBN$mICONOG$sCT. 7815 R.$x3

Etiqueta de registo: 00000nkm 2200025 450
001 2278648
003 http://id.bnportugal.gov.pt/bib/catbnp/2278648
100 ## $a20260310d1981 m y0pory01030103ba
101 0# $apor
102 ## $aPT
200 1# $aI Conferência Nacional da UMC, Lisboa, 7 e 8 de março de 1981$bVisual gráfico]$fUnião das Mulheres Comunistas
210 #9 $aLisboa$cUnião das Mulheres Comunistas,$d1981$e[S.L.]$gDep.Prop.)
215 ## $a1 cartaz$ccolor.$d70x50,2 cm
317 ## $aColeção Madeira Luís
710 02 $aUnião das Mulheres Comunistas$31626152
801 #0 $aPT$bBN$gRPC
966 ## $lBN$mICONOG$sCT. 7817 R.$x3
971 ## $cCaticonografia8$d20260310
995 ## $aPRR2026

Etiqueta de registo: 00000nkm 2200025 450
001 2278630
003 http://id.bnportugal.gov.pt/bib/catbnp/2278630
100 ## $a20260310d m y0pory01030103ba
101 0# $apor
102 ## $aPT
200 1# $aI Conferência Nacional da UMC, , Lisboa, 7 e 8 de março de 1981$bVisual gráfico]$fUnião das Mulheres Comunistas
210 #9 $aLisboa$cUnião das Mulheres Comunistas,$d1981$e[S.l.] :$gDep. Prop.)
215 ## $a1 cartaz$ccolor.$d70x50 cm
317 ## $aColeção Madeira Luís
710 02 $aUnião das Mulheres Comunistas$31626152
801 #0 $aPT$bBN$gRPC
966 ## $lBN$mICONOG$sCT. 7816 R.$x3
971 ## $cCaticonografia8$d20260310
995 ## $aPRR2026

Etiqueta de registo: 00000nkm 2200025 450
001 2278583
003 http://id.bnportugal.gov.pt/bib/catbnp/2278583
100 ## $a20260310d1981 m y0pory01030103ba
101 0# $apor
102 ## $aPT
200 1# $aProclamação da I Conferência Nacional da União das Mulheres Comunistas (PCTP-MRPP)$bVisual gráfico]$fUMC
210 #9 $a[Lisboa]$cUMC,$d1981$e[S.l.]$gDep. Prop.)
215 ## $a1 cartaz$ccolor.$d70x50,2 cm
317 ## $aColeção Madeira Luís
710 02 $aUnião das Mulheres Comunistas$31626152
801 #0 $aPT$bBN$gRPC
966 ## $lBN$mICONOG$sCT. 7814 R.$x3
971 ## $cCaticonografia8$d20260310
995 ## $aPRR2026

Etiqueta de registo: 00000nkm 2200025 450
001 2280091
003 http://id.bnportugal.gov.pt/bib/catbnp/2280091
100 ## $a20260313f1981 m y0pory01030103ba
101 0# $apor
102 ## $aPT
200 1# $aViva o 8 de Março! Dia Internacional da Mulher Trabalhadora$eDe escravas dóceis do capital a soldados conscientes da luta de classes$bVisual gráfico]$fUnião das Mulheres Comunistas
210 #9 $a[Lisboa]$cUnião das Mulheres Comunistas,$d[1981?]
215 ## $a1 cartaz$ccolor.$d47,8x69,6 cm
306 ## $aDatação atribuída em conformidade com a data da I Conferência Nacional da União das Mulheres Comunistas
317 ## $aColeção Madeira Luís
710 02 $aUnião das Mulheres Comunistas$31626152
801 #0 $aPT$bBN$gRPC
966 ## $lBN$mICONOG$sCT. 24713 A.$x3
971 ## $cCaticonografia1$d20260313
995 ## $aPRR2026

OpendataBNP@bnportugal.pt | Mais informação sobre acesso aos dados BNP